| 000 | 00544nam a22001457a 4500 | ||
|---|---|---|---|
| 999 |
_c535818 _d535818 |
||
| 082 | _a612.015 | ||
| 100 | _aIqbal, Maleha | ||
| 245 |
_aDetection of Interferon Alpha Receptor 1 (Ifnar1) in Co-Infected patients of Hepatitis C and Hepatitis B Resistant to Interferon Therapy / _cMaleha Iqbal. |
||
| 260 |
_aIslamabad : _bAMC NUST, _c2014. |
||
| 300 |
_a65 p. : ill. ; _c30cm. |
||
| 942 |
_2ddc _cTHE |
||
| 650 |
_aBiochemistry - M Phil Theses. _930589 |
||
| 700 |
_aSup Amir Rashid. _930649 |
||